Normal view
MARC view
Entry Topical Term
001 - CONTROL NUMBER
- control field: 56286
003 - CONTROL NUMBER IDENTIFIER
- control field: OSt
005 - DATE AND TIME OF LATEST TRANSACTION
- control field: 20240528154521.0
008 - FIXED-LENGTH DATA ELEMENTS
- fixed length control field: 240528|| aca||aabn | a|a d
040 ## - CATALOGING SOURCE
- Original cataloging agency: OSt
- Transcribing agency: OSt
600 ## -
- : High technology industries
- : California
- : Santa Clara Valley (Santa Clara County)
- : Forecasting
670 ## - SOURCE DATA FOUND
- Source citation: Work cat.: (OSt)67949: Gilder, George F., 1939- author. 56283, Life after Google :, c2018.
